| 000 | 01013cam a2200217 4500 | ||
|---|---|---|---|
| 001 | WB3923-02 | ||
| 008 | 030618n2003 000 0 eng u | ||
| 035 | _a(Sirsi) u122654 | ||
| 245 | _aDelivering inclusive environments | ||
| 260 | _c2003 | ||
| 490 |
_aDfT News Release _v17 June 2003 (1) |
||
| 520 | _aNew guidance has been published by the Disabled Persons Transport Advisory Committee(DPTAC), setting out five simple steps to help deliver inclusive environments to meet the needs of everyone. The guidance, "Inclusive projects", is available from Department of Transport, Free Literature, PO Box 236, Wetherby LS23 7NB or DPTAC, Great Minster House, 76 Marsham Street, London SW1P 4DR. | ||
| 590 | _aWB | ||
| 650 | _aMANAGEMENT-BUSINESS MANAGEMENT-DISCRIMINATION-DISABILITY DISCRIMINATION-ACCESSIBILITY | ||
| 650 | _aGUIDANCE | ||
| 650 | _aINCLUSIVE DESIGN | ||
| 650 | _aBEST PRACTICE | ||
| 650 | _aMANAGEMENT-PROJECT MANAGEMENT | ||
| 690 | _aBUILT ENVIRONMENT-CONSTRUCTION DESIGN | ||
| 942 | _n0 | ||
| 999 |
_c72880 _d72880 |
||